| 000 | 00714nam a2200169 4500 | ||
|---|---|---|---|
| 001 | 133401 | ||
| 003 | ES-MaACL | ||
| 005 | 20230906194410.0 | ||
| 007 | t| | ||
| 008 | 070214s1957 sp r ||||1| spa d | ||
| 100 | 1 |
_aRuf, Heinrich. _9100540 |
|
| 245 | 1 | 0 |
_aBreve tecnología del petróleo _b: exposición de los métodos conducentes a la obtención y transformación de los petróleos naturales en productos comerciales / _cHeinrich Ruf ; versión del alemán por Juan Antonio Pérez Bustamante. |
| 260 |
_aMadrid : _bTecnos, _c1957. |
||
| 300 |
_a318 p., 1 lám. : _bil. ; _c22 cm + _e3 gráf. pleg. |
||
| 700 | 1 |
_aPérez-Bustamante de Monasterio, Juan Antonio. _990686 |
|
| 852 |
_aES-MaACL _jC-14117 _bR.41849 |
||
| 999 |
_c133401 _d133401 |
||